000 00542nam a2200205Ia 4500
003 GCL
008 140319s9999 xx 000 0 eng d
040 _aGCL /
_cGCL
082 0 4 _a005.265
_bA I
100 1 _aAPPLE COMPUTER
245 1 0 _aINSIDE MACINTOSH: POWER PC NUMERICS /
_cAPPLE COMPUTER
260 _a[S.N] :
_bADDISON - WESLEY PUBLISHING COMPANY ،
_c1994
300 _a640 P
650 0 4 _aCOMPUTER
650 0 4 _aMACINTOSH
650 0 4 _aMICRO PROCESSORS
650 0 4 _aPOWER RESOURCES
650 0 4 _aPOWER PC
942 _2ddc
_cBK
999 _c12242
_d12242